00811pam a2200241 a 45000010008000000030004000080050017000120080041000290100017000700200015000870400018001020500021001200820012001411000019001532450045001722600050002173000029002675000061002965000020003576500014003778560088003918560090004792438441OSt20170210103614.0880930r19891964nyua 001 0 eng  a 88031661  a0486259331 aDLCcDLCdDLC00aQA611b.B26 198900a5142191 aBarr, Stephen.10aExperiments in topology /cStephen Barr. aNew York :bDover Publications,c1989, c1964. a210 p. :bill. ;c19 cm. aReprint. Originally published: New York : Crowell, 1964. aIncludes index. 0aTopology.423Publisher descriptionuhttp://www.loc.gov/catdir/description/dover032/88031661.html413Table of contents onlyuhttp://www.loc.gov/catdir/enhancements/fy1318/88031661-t.html